| 000 | 00992nam a22002897a 4500 | ||
|---|---|---|---|
| 999 |
_c14074 _d14074 |
||
| 003 | EG-ScBUE | ||
| 005 | 20210210124243.0 | ||
| 008 | 100613s2004 ua f 000 fj ara d | ||
| 017 | _a2004/2247 | ||
| 020 | _a9773056651 | ||
| 040 |
_aEG-ScBUE _bara _erda _cEG-ScBUE _dEG-ScBUE |
||
| 082 | 0 | 4 |
_a892.736 _bن ص ر _222 |
| 100 | 1 |
_914702 _aنصر، مصطفى، _d1947- _eمؤلف. |
|
| 245 | 1 | 2 |
_aالطيور : _bقصص / _cمصطفى نصر. |
| 250 | _aالطبعة الأولى. | ||
| 264 | 1 |
_aالقاهرة : _bالهيئة العامة لقصور الثقافة، _c2004. |
|
| 300 |
_a120 صفحة ؛ _c19 سم. |
||
| 336 |
_2rdacontent _aنص _btxt |
||
| 337 |
_2rdamedia _aبدون وسيط _bn |
||
| 338 |
_2rdacarrier _aمجلد _bnc |
||
| 490 | 0 |
_aأصوات أدبية ؛ _v346 |
|
| 650 |
_98088 _aالقصص العربية القصيرة _zمصر _yقرن 20. _2BUEsh |
||
| 651 | _2BUEsh | ||
| 653 |
_bARALIT _cFebruary2021 |
||
| 655 |
_vReading book _934232 |
||
| 942 |
_2ddc _cBB |
||